[Event "Pion Frigant"]
[Site "Contrecoeur CAN"]
[Date "2023.10.08"]
[Round "5.6"]
[White "Batorshyn, Ilia	"]
[Black "Duong, Thanh Nha"]
[Result "1-0"]
[WhiteElo "2211"]
[BlackElo "2245"]
[PlyCount "225"]
[EventDate "2023.10.06"]
[EventType "swiss"]
[EventRounds "5"]
[EventCountry "CAN"]

1. b3 c5 2. Bb2 b6 3. e3 Bb7 4. Nf3 Nf6 5. Be2 g6 6. Bxf6 exf6 7. c4 d5 8. cxd5
Bxd5 9. Nc3 Bb7 10. O-O Nc6 11. Bb5 Be7 12. d4 O-O 13. Bxc6 Bxc6 14. d5 Bb7 15.
e4 Bd6 16. Qd3 a6 17. a4 Qc7 18. Rfe1 Rac8 19. Qc4 Rfe8 20. g3 Re7 21. Re2 Rce8
22. Rae1 h5 23. Qd3 Kg7 24. Kg2 Qd7 25. Re3 Bc8 26. Kh1 Bb7 27. Kg1 Qg4 28. Qe2
Qc8 29. Qd3 Qc7 30. Nd2 Be5 31. Nc4 Rd7 32. Nxe5 fxe5 33. Qc4 h4 34. b4 cxb4
35. Qxb4 Rh8 36. Rf3 Rd6 37. Qb2 Bc8 38. Nd1 Qe7 39. Ne3 Rf6 40. Rxf6 Qxf6 41.
Nc4 b5 42. axb5 axb5 43. Nxe5 hxg3 44. fxg3 Re8 45. Nd3 Qxb2 46. Nxb2 Bb7 47.
Kf2 f5 48. Rc1 Kf6 49. exf5 Kxf5 50. Rc5 Ke5 51. Rxb5 Bxd5 52. Nd3+ Kd4 53. Nf4
Be4 54. Rg5 Rc8 55. Ne6+ Kc4 56. Ke3 Bf5 57. Nf4 Re8+ 58. Kf3 Be4+ 59. Kf2 Kd4
60. Nxg6 Rg8 61. Nf4 Ra8 62. Ne6+ Kd3 63. Nc5+ Kd4 64. Nxe4 Kxe4 65. Rg4+ Kf5
66. Rf4+ Kg5 67. h4+ Kh5 68. Kg2 Ra1 69. Rf5+ Kg6 70. Rg5+ Kh6 71. Kh3 Ra4 72.
Rb5 Ra3 73. Rf5 Kg6 74. Rf4 Kh5 75. Rb4 Rc3 76. Rb5+ Kg6 77. h5+ Kh6 78. Kh4
Rc4+ 79. g4 Ra4 80. Rb6+ Kg7 81. h6+ Kh7 82. Kh5 Ra5+ 83. g5 Re5 84. Rb7+ Kg8
85. Rg7+ Kh8 86. Rf7 Kg8 87. Rf6 Kh7 88. Rb6 Ra5 89. Rb7+ Kg8 90. Rg7+ Kh8 91.
Rf7 Kg8 92. Rf6 Kh7 93. Rc6 Rb5 94. Rc7+ Kg8 95. Ra7 Rc5 96. Ra6 Kh7 97. Rf6
Ra5 98. Rf4 Rb5 99. Kg4 Kg6 100. Rf6+ Kh7 101. Rf7+ Kg8 102. Rf5 Rb6 103. Kh5
Rb1 104. Kg6 Rb6+ 105. Rf6 Rb8 106. Rf5 Ra8 107. Kh5 Ra1 108. Rc5 Ra8 109. g6
Kh8 110. Kg5 Rb8 111. h7 Kg7 112. Rc7+ Kh8 113. Kh6 1-0

[Event "CAN-ch Seniors 50+"]
[Site "Etobicoke CAN"]
[Date "2023.08.04"]
[Round "1.11"]
[White "Momic, Jovan"]
[Black "Duong, Thanh Nha"]
[Result "0-1"]
[WhiteElo "1684"]
[BlackElo "2252"]
[PlyCount "94"]
[EventDate "2023.08.04"]
[EventType "swiss"]
[EventRounds "7"]
[EventCountry "CAN"]

1. d4 Nf6 2. c4 e6 3. Nf3 b6 4. g3 Ba6 5. b3 Bb4+ 6. Nbd2 O-O 7. Bg2 d5 8. O-O
c6 9. Bb2 Nbd7 10. a3 Bd6 11. Re1 Bb7 12. e4 Nxe4 13. Nxe4 dxe4 14. Rxe4 c5 15.
Re3 Qc7 16. Rd3 Rfd8 17. Qe2 Bf8 18. Rad1 a5 19. Qd2 Be7 20. a4 Nf6 21. Qe2 h6
22. Re1 cxd4 23. Bxd4 Nd7 24. Ne5 Bxg2 25. Kxg2 Qb7+ 26. Kg1 Nxe5 27. Bxe5 Rxd3
28. Qxd3 Rd8 29. Qe2 Qd7 30. Qg4 Bf8 31. Bf4 Qd4 32. Qf3 Bb4 33. Re4 Qa1+ 34.
Kg2 Rd1 35. Be5 Rg1+ 36. Kh3 Qf1+ 37. Kg4 f5+ 38. Kh5 fxe4 39. Qxe4 Qh3+ 40.
Kg6 Qf5+ 41. Qxf5 exf5 42. Bxg7 f4 43. Bxh6 f3 44. h4 Bc5 45. h5 Bxf2 46. Bf4
Bxg3 47. Be3 Bf2+ 0-1

[Event "CAN-ch Seniors 50+"]
[Site "Etobicoke CAN"]
[Date "2023.08.05"]
[Round "2.8"]
[White "Duong, Thanh Nha"]
[Black "Ochkoos, Jura"]
[Result "1/2-1/2"]
[WhiteElo "2252"]
[BlackElo "2316"]
[PlyCount "35"]
[EventDate "2023.08.04"]
[EventType "swiss"]
[EventRounds "7"]
[EventCountry "CAN"]

1. Nf3 d5 2. c4 e6 3. e3 Nf6 4. d4 c5 5. Nc3 a6 6. a3 dxc4 7. Bxc4 b5 8. Ba2
Bb7 9. O-O Be7 10. dxc5 Qxd1 11. Rxd1 Bxc5 12. b4 Be7 13. Bb2 Nbd7 14. Rac1 Rc8
15. Ne2 O-O 16. Nf4 Rxc1 17. Rxc1 Rc8 18. Rxc8+ 1/2-1/2

[Event "CAN-ch Seniors 50+"]
[Site "Etobicoke CAN"]
[Date "2023.08.05"]
[Round "3.10"]
[White "Nazareno, Merlin"]
[Black "Duong, Thanh Nha"]
[Result "1/2-1/2"]
[WhiteElo "2051"]
[BlackElo "2252"]
[PlyCount "105"]
[EventDate "2023.08.04"]
[EventType "swiss"]
[EventRounds "7"]
[EventCountry "CAN"]

1. e4 c5 2. Nc3 Nc6 3. f4 e6 4. Nf3 d5 5. Bb5 Nge7 6. Ne5 a6 7. Bxc6+ Nxc6 8.
Nxc6 bxc6 9. e5 c4 10. O-O Bc5+ 11. Kh1 O-O 12. d4 cxd3 13. cxd3 Be7 14. d4 c5
15. Be3 cxd4 16. Bxd4 Rb8 17. b3 f6 18. Qd3 f5 19. Rf3 Qa5 20. Rh3 g6 21. Qe3
Bd7 22. Rg1 Rbc8 23. g4 Bc5 24. Ne2 fxg4 25. Rxg4 Qe1+ 26. Qg1 Qxg1+ 27. Kxg1
Bb5 28. Bxc5 Bxe2 29. Bxf8 Bxg4 30. Rg3 Rc1+ 31. Kf2 Rc2+ 32. Kg1 Bf5 33. Bb4
d4 34. Rg2 Rc1+ 35. Kf2 Be4 36. Rg1 Rc2+ 37. Kg3 h5 38. h3 Rxa2 39. Rd1 Rb2 40.
Rxd4 Rxb3+ 41. Kh4 Bd5 42. Bd6 Kg7 43. Rb4 Rf3 44. Be7 Kf7 45. Bg5 Ra3 46. Bf6
Bg2 47. Rc4 Rxh3+ 48. Kg5 Rb3 49. Rc7+ Kf8 50. Rc8+ Kf7 51. Rc7+ Kf8 52. Rc8+
Kf7 53. Rc7+ 1/2-1/2

[Event "CAN-ch Seniors 50+"]
[Site "Etobicoke CAN"]
[Date "2023.08.06"]
[Round "4.8"]
[White "Duong, Thanh Nha"]
[Black "Findlay, Ian"]
[Result "1/2-1/2"]
[WhiteElo "2252"]
[BlackElo "2257"]
[PlyCount "71"]
[EventDate "2023.08.04"]
[EventType "swiss"]
[EventRounds "7"]
[EventCountry "CAN"]

1. e4 c5 2. Nf3 d6 3. g3 g6 4. Bg2 Bg7 5. O-O Nf6 6. Re1 O-O 7. c3 Nc6 8. h3 e5
9. d3 d5 10. Bg5 dxe4 11. Bxf6 Bxf6 12. dxe4 Qxd1 13. Rxd1 Be6 14. Nbd2 Rfd8
15. Bf1 a6 16. Kg2 b5 17. a4 c4 18. b3 cxb3 19. axb5 axb5 20. Bxb5 Na5 21. Ra4
Nb7 22. Rxa8 Rxa8 23. Rb1 Nc5 24. g4 Ra2 25. c4 Rc2 26. Nxb3 Nxe4 27. Rf1 Nd6
28. Nc5 Nxb5 29. Nxe6 e4 30. Ng1 Rxc4 31. Rb1 fxe6 32. Rxb5 Rc2 33. Kf1 Rc1+
34. Kg2 Rc2 35. Kf1 Rc1+ 36. Kg2 1/2-1/2

[Event "CAN-ch Seniors 50+"]
[Site "Etobicoke CAN"]
[Date "2023.08.06"]
[Round "5.10"]
[White "Malakhovets, Sergey"]
[Black "Duong, Thanh Nha"]
[Result "1-0"]
[WhiteElo "2119"]
[BlackElo "2252"]
[PlyCount "74"]
[EventDate "2023.08.04"]
[EventType "swiss"]
[EventRounds "7"]
[EventCountry "CAN"]

1. d4 Nf6 2. Bf4 b6 3. e3 Bb7 4. Nf3 g6 5. Be2 Bg7 6. h3 O-O 7. O-O c5 8. c3 d5
9. Nbd2 Nc6 10. Bh2 Nd7 11. Qb3 c4 12. Qc2 Nf6 13. a4 Na5 14. b3 cxb3 15. Nxb3
Nc4 16. Nbd2 Nd6 17. Qb3 Rc8 18. a5 Nfe4 19. Nxe4 Nxe4 20. Rfc1 Nd6 21. axb6
axb6 22. Rab1 Rc6 23. Nd2 Qc8 24. Bf3 e6 25. Qa3 Nc4 26. Nxc4 Rxc4 27. Rxb6 Qa8
28. Qb2 Bc6 29. Bd1 Bd7 30. Ra1 Qc8 31. Bd6 Re8 32. Rb8 Qc6 33. Rxe8+ Bxe8 34.
Qb8 Bf8 35. Bxf8 Kxf8 36. Ra7 Kg7 37. Qe5+ Kh6 1-0

[Event "Quebec op"]
[Site "Montreal CAN"]
[Date "2023.07.29"]
[Round "1.13"]
[White "Duong, Thanh Nha"]
[Black "Batorshyn, Ilia"]
[Result "1-0"]
[WhiteElo "2116"]
[BlackElo "2014"]
[PlyCount "77"]
[EventDate "2023.07.29"]
[EventType "swiss"]
[EventRounds "9"]
[EventCountry "CAN"]

1. Nf3 Nf6 2. c4 g6 3. g3 Bg7 4. Bg2 O-O 5. O-O d6 6. Nc3 Nc6 7. Rb1 e5 8. d3
a5 9. a3 Rb8 10. b4 axb4 11. axb4 b6 12. b5 Ne7 13. Bb2 Nd7 14. Ne1 f5 15. Nc2
Bb7 16. Nd5 Bxd5 17. cxd5 Ra8 18. Nb4 h6 19. Qc2 Nc5 20. e3 Ra7 21. d4 Nd7 22.
Nc6 Nxc6 23. dxc6 Nf6 24. dxe5 dxe5 25. Bxe5 Qe7 26. Bc3 Rd8 27. Rfe1 Qf7 28.
Ra1 Rxa1 29. Rxa1 Ne8 30. Bxg7 Qxg7 31. Re1 Nd6 32. Rd1 Qe5 33. Qb3+ Kf8 34. h4
Ra8 35. Rd5 Qa1+ 36. Kh2 Qf6 37. Qb4 g5 38. g4 gxh4 39. Rxf5 1-0

[Event "Quebec op"]
[Site "Montreal CAN"]
[Date "2023.07.30"]
[Round "3.4"]
[White "Duong, Thanh Nha"]
[Black "Sambuev, Bator"]
[Result "0-1"]
[WhiteElo "2116"]
[BlackElo "2457"]
[PlyCount "70"]
[EventDate "2023.07.29"]
[EventType "swiss"]
[EventRounds "9"]
[EventCountry "CAN"]

1. c4 e5 2. Nc3 Nc6 3. g3 g6 4. Bg2 Bg7 5. e4 d6 6. d3 Nh6 7. Nge2 O-O 8. O-O
f5 9. Nd5 g5 10. f3 f4 11. g4 Nxg4 12. fxg4 Bxg4 13. h3 Be6 14. b4 Qd7 15. Kh2
h5 16. b5 Nd8 17. Rb1 c6 18. bxc6 bxc6 19. Ndc3 g4 20. Ng1 Nf7 21. Bd2 Ng5 22.
Be1 Rf7 23. Bh4 Bf6 24. Nd5 g3+ 25. Kh1 cxd5 26. Bxg5 Bxg5 27. Qxh5 Rg7 28.
exd5 Bf5 29. Be4 Bxe4+ 30. dxe4 Bd8 31. Kg2 Bb6 32. Qe2 Rh7 33. Qg4+ Qxg4 34.
hxg4 Rh2+ 35. Kf3 Bxg1 0-1

[Event "Quebec op"]
[Site "Montreal CAN"]
[Date "2023.07.31"]
[Round "4.10"]
[White "Chang, Alexander"]
[Black "Duong, Thanh Nha"]
[Result "0-1"]
[WhiteElo "1704"]
[BlackElo "2116"]
[PlyCount "102"]
[EventDate "2023.07.29"]
[EventType "swiss"]
[EventRounds "9"]
[EventCountry "CAN"]

1. e4 c5 2. Nc3 Nc6 3. Nge2 d6 4. d3 Nf6 5. g3 Bg4 6. Bg2 Nd4 7. O-O Qd7 8. f3
Bh3 9. Nxd4 Bxg2 10. Kxg2 cxd4 11. Ne2 e5 12. f4 Be7 13. Ng1 Rc8 14. Nf3 Qc7
15. Rf2 O-O 16. fxe5 Ng4 17. Re2 dxe5 18. h3 Nf6 19. Nh4 Ne8 20. Nf5 Nd6 21.
Nxe7+ Qxe7 22. g4 Rc6 23. Bd2 Nb5 24. Be1 Rfc8 25. Bg3 h5 26. gxh5 Rh6 27. Rf2
Nd6 28. Qg4 f6 29. Rc1 Qe8 30. c3 dxc3 31. bxc3 Kh7 32. d4 Rxh5 33. dxe5 Nc4
34. Qe2 Nxe5 35. Rf5 Rxf5 36. exf5 Qc6+ 37. Kg1 Qc5+ 38. Kh2 Nf7 39. Qf2 Qa3
40. Rc2 Ng5 41. Qe2 Qa4 42. h4 Nf3+ 43. Kh1 Qg4 44. Kg2 Nxh4+ 45. Kh2 Qxe2+ 46.
Rxe2 Nxf5 47. Bf2 b6 48. Rc2 Rc4 49. Kg2 g5 50. Rd2 Kg6 51. Rd3 g4 0-1

[Event "Quebec op"]
[Site "Montreal CAN"]
[Date "2023.08.01"]
[Round "5.5"]
[White "Duong, Thanh Nha"]
[Black "Rozentalis, Eduardas"]
[Result "0-1"]
[WhiteElo "2116"]
[BlackElo "2496"]
[PlyCount "46"]
[EventDate "2023.07.29"]
[EventType "swiss"]
[EventRounds "9"]
[EventCountry "CAN"]

1. Nf3 Nf6 2. b3 b5 3. Bb2 Bb7 4. e3 a6 5. d4 e6 6. Bd3 c5 7. O-O d6 8. Nbd2
Nbd7 9. Qe2 Be7 10. c3 O-O 11. e4 Qb6 12. Rfe1 Rfd8 13. h4 Rac8 14. Rad1 Nf8
15. c4 cxd4 16. Bxd4 Qa5 17. Rc1 e5 18. b4 Qxb4 19. Bb6 bxc4 20. Rb1 cxd3 21.
Qxd3 Qxb1 22. Qxb1 Rd7 23. g3 h6 {illisible 0-1 en 46 coups} 0-1

[Event "Quebec op"]
[Site "Montreal CAN"]
[Date "2023.08.02"]
[Round "6.9"]
[White "Pomerantz, Daniel"]
[Black "Duong, Thanh Nha"]
[Result "0-1"]
[WhiteElo "1979"]
[BlackElo "2116"]
[PlyCount "88"]
[EventDate "2023.07.29"]
[EventType "swiss"]
[EventRounds "9"]
[EventCountry "CAN"]

1. e4 c5 2. Nf3 g6 3. c3 d5 4. exd5 Qxd5 5. d4 Bg7 6. dxc5 Qxc5 7. Be3 Qc7 8.
Nd4 a6 9. Be2 Nf6 10. O-O e5 11. Nb3 O-O 12. N1d2 Rd8 13. Qe1 Be6 14. Bg5 h6
15. Bxf6 Bxf6 16. Bf3 Bg7 17. Ne4 Nd7 18. Qe3 Bxb3 19. axb3 f5 20. Nd2 e4 21.
Be2 Nc5 22. f4 Kh7 23. Kh1 Rd7 24. Rfd1 Nd3 25. Nc4 Rad8 26. g3 b5 27. Ne5 Nxe5
28. fxe5 Rxd1+ 29. Rxd1 Rxd1+ 30. Bxd1 Qxe5 31. Qd2 g5 32. b4 Kg6 33. Bb3 e3
34. Qe2 h5 35. Kg1 h4 36. gxh4 g4 37. Bd1 Bf6 38. Qg2 Bxh4 39. Qc6+ Kg5 40. Qb7
e2 41. Bxe2 Qxe2 42. Qg7+ Kf4 43. Qh6+ Kf3 44. Qc6+ Qe4 0-1

[Event "Quebec op"]
[Site "Montreal CAN"]
[Date "2023.08.03"]
[Round "7.5"]
[White "Duong, Thanh Nha"]
[Black "Zhu, Hong Rui"]
[Result "0-1"]
[WhiteElo "2116"]
[BlackElo "2176"]
[PlyCount "104"]
[EventDate "2023.07.29"]
[EventType "swiss"]
[EventRounds "9"]
[EventCountry "CAN"]

1. Nf3 c5 2. c4 Nc6 3. Nc3 e5 4. g3 g6 5. Bg2 Bg7 6. O-O d6 7. a3 a5 8. Ne1 Be6
9. d3 Nge7 10. Nc2 d5 11. cxd5 Nxd5 12. Ne3 Nde7 13. Nc4 O-O 14. Qa4 Rb8 15.
Be3 Nd4 16. Bxd4 exd4 17. Nb5 b6 18. Qc2 Qd7 19. a4 Nf5 20. Nd2 Bd5 21. Bxd5
Qxd5 22. Nf3 Rbc8 23. Rac1 Rfe8 24. Rfe1 h5 25. Na3 Bh6 26. Qc4 Qd8 27. Rc2 Rc6
28. Qb5 Rce6 29. Nc4 g5 30. Kf1 Qf6 31. Nxb6 g4 32. Nd7 Qd8 33. Nd2 Nd6 34.
Qxc5 Qxd7 35. Qxd4 Qb7 36. e4 Bxd2 37. Rxd2 Rc8 38. Qe3 Qe7 39. Qf4 Rc5 40.
Rde2 Qb7 41. Kg1 Qb4 42. h3 gxh3 43. Qe3 Kg7 44. Kh2 Nf5 45. Qd2 Nd4 46. Qxb4
axb4 47. Re3 Rc2 48. b3 Rf6 49. Kxh3 Rcxf2 50. e5 Rg6 51. Re4 Nf3 52. R4e2 Rxe2
0-1

[Event "Transnational op"]
[Site "Montreal CAN"]
[Date "2023.06.09"]
[Round "1.28"]
[White "Duong, Thanh Nha"]
[Black "Ulrich, Samuel"]
[Result "1-0"]
[WhiteElo "2240"]
[BlackElo "1916"]
[PlyCount "87"]
[EventDate "2023.06.09"]
[EventType "swiss"]
[EventRounds "5"]
[EventCountry "CAN"]

1. c4 e6 2. Nf3 Nf6 3. g3 d5 4. Bg2 Be7 5. O-O O-O 6. b3 Nbd7 7. Bb2 c6 8. Nc3
Qc7 9. Rc1 a6 10. cxd5 exd5 11. Nd4 Nb6 12. Qc2 Re8 13. d3 Be6 14. e4 Rad8 15.
Rfe1 Bb4 16. a3 Bf8 17. e5 Nfd7 18. f4 g6 19. Nd1 c5 20. f5 gxf5 21. Ne3 Nxe5
22. Ndxf5 Qc8 23. Bxe5 Bxf5 24. Nxf5 Qxf5 25. Bc7 Nd7 26. Bxd8 Rxd8 27. Rf1 Qg5
28. Qf2 Ne5 29. Rcd1 b6 30. Qf6 Qe3+ 31. Kh1 Rd6 32. Qf4 Qxf4 33. gxf4 Ng4 34.
Rde1 d4 35. Re8 f5 36. Bf3 Kf7 37. Ra8 Ne3 38. Bh5+ Ke7 39. Rg1 Rh6 40. Re8+
Kd7 41. Rxf8 Rxh5 42. Rg7+ Kc6 43. a4 Ng4 44. Kg1 {illisible} 1-0

[Event "Transnational op"]
[Site "Montreal CAN"]
[Date "2023.06.10"]
[Round "2.28"]
[White "Genzling, Jerome"]
[Black "Duong, Thanh Nha"]
[Result "0-1"]
[WhiteElo "2157"]
[BlackElo "2240"]
[PlyCount "62"]
[EventDate "2023.06.09"]
[EventType "swiss"]
[EventRounds "5"]
[EventCountry "CAN"]

1. e4 e5 2. Nf3 Nf6 3. Nxe5 d6 4. Nf3 Nxe4 5. Nc3 Nxc3 6. dxc3 Be7 7. Bd3 Nd7
8. Be3 d5 9. c4 Nf6 10. Qe2 c6 11. O-O-O Qc7 12. h3 O-O 13. g4 dxc4 14. Bxc4 b5
15. Bb3 a5 16. a4 bxa4 17. Bxa4 Ba6 18. Qd2 Rad8 19. Qc3 Rxd1+ 20. Kxd1 Nd5 21.
Qxc6 Nxe3+ 22. fxe3 Qa7 23. Qe4 Bb7 24. Bc6 Bxc6 25. Qxc6 Qxe3 26. c3 Qd3+ 27.
Kc1 Bd6 28. Nd2 Bf4 29. Qg2 Rd8 30. Rd1 a4 31. c4 a3 0-1

[Event "Transnational op"]
[Site "Montreal CAN"]
[Date "2023.06.10"]
[Round "3.27"]
[White "Duong, Thanh Nha"]
[Black "Vidyarthi, Omya"]
[Result "1-0"]
[WhiteElo "2240"]
[BlackElo "2081"]
[PlyCount "69"]
[EventDate "2023.06.09"]
[EventType "swiss"]
[EventRounds "5"]
[EventCountry "CAN"]

1. c4 e5 2. g3 Nc6 3. Bg2 g6 4. Nc3 Bg7 5. Nf3 d6 6. O-O Nge7 7. d3 h6 8. Rb1
a5 9. a3 Be6 10. b4 axb4 11. axb4 Qd7 12. b5 Nd8 13. Re1 O-O 14. Bb2 f5 15. Nd2
g5 16. Ra1 Rxa1 17. Qxa1 g4 18. Na4 h5 19. e3 Bh6 20. d4 Ng6 21. Rd1 f4 22.
dxe5 fxe3 23. Ne4 exf2+ 24. Kh1 Bxc4 25. exd6 Be2 26. Rb1 f1=Q+ 27. Rxf1 Bxf1
28. Bxf1 Bg7 29. Bc4+ Kh7 30. Bxg7 Qxg7 31. Ng5+ Kh8 32. Qxg7+ Kxg7 33. dxc7
Ne7 34. cxd8=Q Rxd8 35. Ne6+ 1-0

[Event "Transnational op"]
[Site "Montreal CAN"]
[Date "2023.06.11"]
[Round "4.27"]
[White "Pomerantz, Daniel"]
[Black "Duong, Thanh Nha"]
[Result "0-1"]
[WhiteElo "2198"]
[BlackElo "2240"]
[PlyCount "100"]
[EventDate "2023.06.09"]
[EventType "swiss"]
[EventRounds "5"]
[EventCountry "CAN"]

1. e4 e5 2. Nf3 Nf6 3. Nxe5 d6 4. Nf3 Nxe4 5. d4 d5 6. Bd3 Bd6 7. O-O O-O 8.
Re1 Re8 9. c4 c6 10. Nc3 Nxc3 11. Rxe8+ Qxe8 12. bxc3 dxc4 13. Bxc4 Bg4 14. Bd2
Nd7 15. Rb1 b5 16. Bd3 Nf6 17. h3 Bh5 18. g4 Bg6 19. Bxg6 hxg6 20. Qc2 Qe2 21.
Qd1 Qd3 22. Be3 Qc4 23. Qb3 Qe2 24. Nd2 Rb8 25. Qd1 Qd3 26. Nb3 Qe4 27. Rb2 Nd5
28. Nd2 Qe8 29. Qf3 Nxc3 30. Rc2 b4 31. Nc4 Bc7 32. Kg2 Qe6 33. Ne5 Bxe5 34.
dxe5 a5 35. Bd4 Nd5 36. Qe4 a4 37. Rb2 b3 38. axb3 axb3 39. Kg3 Rb4 40. Qd3 c5
41. Bc3 Rb8 42. f4 c4 43. Qd4 Nxc3 44. Qxc3 Rd8 45. Rd2 Rxd2 46. Qxd2 Qb6 47.
Qc1 b2 48. Qb1 c3 49. e6 Qxe6 50. f5 Qe3+ 0-1

[Event "Transnational op"]
[Site "Montreal CAN"]
[Date "2023.06.11"]
[Round "5.27"]
[White "Duong, Thanh Nha"]
[Black "Guillemette, Hugo"]
[Result "1-0"]
[WhiteElo "2240"]
[BlackElo "2219"]
[PlyCount "101"]
[EventDate "2023.06.09"]
[EventType "swiss"]
[EventRounds "5"]
[EventCountry "CAN"]

1. d4 Nf6 2. Nf3 e6 3. c4 b6 4. g3 Ba6 5. Qa4 c5 6. Bg2 Bb7 7. dxc5 Bxc5 8. Nc3
Nc6 9. O-O O-O 10. Rd1 a6 11. Bg5 Be7 12. Ne5 Nxe5 13. Bxb7 Ra7 14. Bg2 Qc8 15.
Nb5 axb5 16. Qxa7 Qxc4 17. e3 Qc2 18. Bxf6 Bxf6 19. Qxb6 Qxb2 20. Rab1 Qxa2 21.
Qxb5 d5 22. Qb3 Qe2 23. Re1 Nf3+ 24. Bxf3 Qxf3 25. Qd1 Qxd1 26. Rexd1 Ra8 27.
Rb7 g6 28. Rdb1 Kg7 29. Rd7 Ra1 30. Rxa1 Bxa1 31. Kf1 g5 32. g4 Be5 33. h3 Kg6
34. Re7 d4 35. e4 Bf4 36. Ke2 e5 37. Rd7 Bc1 38. Kd3 Ba3 39. Ra7 Bf8 40. Kc4 f6
41. Rd7 Ba3 42. Kd5 Bb4 43. Ke6 Bf8 44. Rf7 Bg7 45. f3 Kh6 46. Kf5 Bh8 47. Rd7
Bg7 48. Rd8 d3 49. Rxd3 Bh8 50. Rd7 Bg7 51. Rd8 1-0

[Event "Germain Laplante op"]
[Site "Chambly CAN"]
[Date "2023.04.28"]
[Round "1.6"]
[White "Avarian, Sevag"]
[Black "Duong, Thanh Nha"]
[Result "0-1"]
[WhiteElo "1920"]
[BlackElo "2211"]
[PlyCount "98"]
[EventDate "2023.04.28"]
[EventType "swiss"]
[EventRounds "5"]
[EventCountry "CAN"]

1. e4 e5 2. Nf3 Nf6 3. Nxe5 d6 4. Nf3 Nxe4 5. Nc3 Nxc3 6. dxc3 Be7 7. Bd3 Nd7
8. Be3 d5 9. Qd2 Nc5 10. Bxc5 Bxc5 11. O-O-O O-O 12. h4 Qf6 13. Qg5 Qxg5+ 14.
hxg5 g6 15. Rh6 Kg7 16. Rdh1 Rh8 17. Nd4 Be7 18. f4 Bd7 19. Nf3 Bd6 20. R6h4 c5
21. c4 dxc4 22. Bxc4 Bf5 23. Kb1 Rae8 24. Rd1 Bb8 25. g3 Re3 26. Bd5 Re2 27.
Nd2 Rd8 28. Rdh1 Rxd5 29. Rxh7+ Kf8 30. Rh8+ Ke7 31. Rxb8 Rdxd2 32. Rxb7+ Rd7
33. Rb5 Be4 34. Rg1 Rxc2 35. Ka1 Rb7 36. Rxb7+ Bxb7 37. Re1+ Kd6 38. Kb1 Rg2
39. Re3 Bc8 40. a3 Bf5+ 41. Ka2 c4 42. a4 Be6 43. Ka3 a5 44. Rf3 Kc5 45. Re3
Kd4 46. Rf3 Bd5 47. Rc3 Be4 48. g4 Rxg4 49. Rh3 Rg1 0-1

[Event "Germain Laplante op"]
[Site "Chambly CAN"]
[Date "2023.04.29"]
[Round "2.1"]
[White "Duong, Thanh Nha"]
[Black "Rodrigue-Lemieux, Shawn"]
[Result "0-1"]
[WhiteElo "2211"]
[BlackElo "2558"]
[PlyCount "106"]
[EventDate "2023.04.28"]
[EventType "swiss"]
[EventRounds "5"]
[EventCountry "CAN"]

1. e4 c6 2. c4 d5 3. exd5 cxd5 4. cxd5 Nf6 5. Nc3 Nxd5 6. Nf3 Nc6 7. d4 a6 8.
Bc4 Be6 9. Qe2 Rc8 10. Ne4 Na5 11. b3 Nxc4 12. bxc4 Nb4 13. c5 b5 14. Qd2 Nc6
15. O-O Bd5 16. Re1 e6 17. Qf4 Be7 18. Qg3 Bxe4 19. Rxe4 Bf6 20. Be3 Qd5 21.
Rg4 Ne7 22. Nh4 O-O 23. a3 e5 24. Bg5 Bxg5 25. Rxg5 Qxd4 26. Qxe5 Qxe5 27. Rxe5
Nc6 28. Re4 Na5 29. Nf5 Rc7 30. Rae1 g6 31. Ne7+ Kg7 32. h4 Ra8 33. h5 Raa7 34.
Re5 Nc4 35. R5e4 Rxc5 36. hxg6 fxg6 37. a4 bxa4 38. Rc1 Rac7 39. Nd5 Rxd5 40.
Rexc4 Rxc4 41. Rxc4 Ra5 42. Rc2 a3 43. Ra2 Kf6 44. Kf1 Ke5 45. Ke2 Kd4 46. Kd2
Kc4 47. Kc2 h5 48. Ra1 a2 49. Kb2 Kb4 50. g3 Ra4 51. Kc2 Ka3 52. Re1 Rc4+ 53.
Kd3 Rc6 0-1

[Event "Germain Laplante op"]
[Site "Chambly CAN"]
[Date "2023.04.29"]
[Round "3.5"]
[White "Duong, Thanh Nha"]
[Black "Nunez-Painchaud, Raphael"]
[Result "1/2-1/2"]
[WhiteElo "2211"]
[BlackElo "2225"]
[PlyCount "38"]
[EventDate "2023.04.28"]
[EventType "swiss"]
[EventRounds "5"]
[EventCountry "CAN"]

1. Nf3 Nf6 2. c4 c5 3. Nc3 g6 4. g3 Bg7 5. Bg2 O-O 6. O-O d5 7. cxd5 Nxd5 8.
Nxd5 Qxd5 9. d3 Nc6 10. a3 Qh5 11. Re1 Bh3 12. Bh1 h6 13. Rb1 Be6 14. Be3 c4
15. dxc4 Bxc4 16. Nd2 Bd5 17. Ne4 Rfd8 18. Qa4 Qf5 19. Nc3 Bxh1 1/2-1/2

[Event "Germain Laplante op"]
[Site "Chambly CAN"]
[Date "2023.04.30"]
[Round "4.5"]
[White "Li, Yi Lin"]
[Black "Duong, Thanh Nha"]
[Result "0-1"]
[WhiteElo "2030"]
[BlackElo "2211"]
[PlyCount "70"]
[EventDate "2023.04.28"]
[EventType "swiss"]
[EventRounds "5"]
[EventCountry "CAN"]

1. e4 c5 2. c3 d5 3. exd5 Qxd5 4. d4 Nf6 5. Nf3 e6 6. Be2 cxd4 7. cxd4 Be7 8.
O-O O-O 9. Nc3 Qa5 10. Bc4 a6 11. Ne5 Nbd7 12. Nxf7 Rxf7 13. Bxe6 Nb6 14. Bxf7+
Kxf7 15. Bf4 Be6 16. Bc7 Rc8 17. d5 Bg4 18. f3 Qc5+ 19. Kh1 Qxc7 20. fxg4 h6
21. g5 hxg5 22. Qh5+ Kg8 23. Qxg5 Qd6 24. Qg6 Rc4 25. Rf3 Rg4 26. Qf5 Rh4 27.
Rh3 Rxh3 28. Qxh3 Nbxd5 29. Qc8+ Bf8 30. Qxb7 Nxc3 31. bxc3 Ng4 32. g3 Qd2 33.
Qg2 Nf2+ 34. Kg1 Bc5 35. Rb1 Nd1+ 0-1

[Event "Germain Laplante op"]
[Site "Chambly CAN"]
[Date "2023.04.30"]
[Round "5.4"]
[White "Duong, Thanh Nha"]
[Black "Zheng, Richard"]
[Result "1-0"]
[WhiteElo "2211"]
[BlackElo "2223"]
[PlyCount "67"]
[EventDate "2023.04.28"]
[EventType "swiss"]
[EventRounds "5"]
[EventCountry "CAN"]

1. c4 Nf6 2. Nf3 c6 3. Nc3 d5 4. e3 Bg4 5. Qb3 Bc8 6. Qc2 e6 7. b3 Nbd7 8. Bb2
Bd6 9. Bd3 a6 10. cxd5 exd5 11. Nd4 Ne5 12. Be2 Qe7 13. f4 Ng6 14. Na4 Ne4 15.
O-O O-O 16. Nb6 Rb8 17. Nxc8 Rfxc8 18. Nf5 Qd8 19. Nxg7 Nxf4 20. exf4 Qb6+ 21.
Kh1 Nf2+ 22. Rxf2 Qxf2 23. Qc3 Qxf4 24. g3 Qe4+ 25. Bf3 Bb4 26. Bxe4 Bxc3 27.
Bxc3 dxe4 28. Re1 f6 29. Bxf6 Rf8 30. Nh5 Rfe8 31. Bc3 Re6 32. Rf1 Ra8 33. Nf6+
Kf7 34. Nd5+ 1-0

[Event "Foxwoods op"]
[Site "Mashantucket USA"]
[Date "2023.04.06"]
[Round "2"]
[White "Fus, Jakub"]
[Black "Duong, Thanh Nha"]
[Result "1-0"]
[WhiteElo "2417"]
[BlackElo "2086"]
[PlyCount "75"]
[EventDate "2023.04.05"]
[EventType "swiss"]
[EventRounds "9"]
[EventCountry "USA"]
[Source "ChessMix"]
[SourceDate "2023.04.20"]

1. d4 d5 2. Nf3 Nf6 3. c4 e6 4. g3 a6 5. Bg2 Nc6 6. b3 Bb4+ 7. Bd2 Qe7 8. O-O
Bxd2 9. Nbxd2 O-O 10. Qc2 Nb4 11. Qb2 c5 12. dxc5 Qxc5 13. Rac1 Qe7 14. Ne5 Re8
15. Rfd1 Nc6 16. Ndf3 a5 17. a3 Ra6 18. e3 Nxe5 19. Nxe5 dxc4 20. Rxc4 b5 21.
Rcd4 Qc7 22. R4d3 Nd5 23. Rc1 Qe7 24. e4 Nf6 25. Rdc3 Bd7 26. Rc7 Qd6 27. Nxf7
Kxf7 28. e5 Qd3 29. exf6 gxf6 30. Be4 Qxe4 31. Rxd7+ Kg6 32. Rcc7 Rg8 33. Rd4
Qe1+ 34. Kg2 f5 35. Rd8 Ra8 36. Rdd7 e5 37. Rd6+ Kg5 38. h4+ 1-0

[Event "Foxwoods op"]
[Site "Mashantucket USA"]
[Date "2023.04.07"]
[Round "4"]
[White "Mkrtchyan, Mikayel"]
[Black "Duong, Thanh Nha"]
[Result "1-0"]
[WhiteElo "1940"]
[BlackElo "2086"]
[PlyCount "45"]
[EventDate "2023.04.05"]
[EventType "swiss"]
[EventRounds "9"]
[EventCountry "USA"]
[Source "ChessMix"]
[SourceDate "2023.04.20"]

1. e4 e5 2. Nf3 Nf6 3. d4 Nxe4 4. Bd3 d5 5. Nxe5 Be7 6. O-O O-O 7. c4 c6 8. Re1
Bb4 9. Nd2 f6 10. Nef3 f5 11. Qb3 Qa5 12. cxd5 cxd5 13. Nxe4 Bxe1 14. Nc5 Bb4
15. Qxd5+ Kh8 16. Ng5 h6 17. Nf7+ Kh7 18. Bxf5+ Bxf5 19. Qxf5+ g6 20. Qf4 Re8
21. Qxh6+ Kg8 22. Qxg6+ Kf8 23. Bh6+ 1-0